=LDR 00000nam 2200000 4500 =001 000127 =020 $9786026563903 =082 $615.799 =100 $Renan Doska =245 $Senam dan pijat bayi mandiri =250 $Cetakan pertama =264 $Depok: Senja Media Utama 2019 =300 $96 halaman; 26 cm. =650 $Pengobatan =905 $615.8 REN s =336 $$a =337 $$a =338 $$a =005 20260702151432.0 =008 260702s2026\\\\\\\\\\\\\\\\\\\\\\\\\\\\\\\\\\\\\\\\\